| LEADER | 00772nam a22001817a 4500 | ||
|---|---|---|---|
| 005 | 20210205112534.0 | ||
| 008 | 160923s1978 gr |||f |||| 00| 1 gre | | ||
| 952 | |0 0 |1 0 |2 ddc |4 0 |6 889_334000000000000_ΠΑΠ |7 0 |9 205605 |a LISP |b LISP |c DON |d 2016-09-23 |e ΒΑΛ |i 130430 |l 0 |o 889.334 ΠΑΠ |p 025000248180 |r 2016-09-23 00:00:00 |t 1 |v 2016.00 |w 2016-09-23 |y BK15 | ||
| 999 | |c 125011 |d 125011 | ||
| 040 | |a GR-PaULI |b gre |c GR-PaULI |e AACR2 | ||
| 082 | |2 23 |a 889.334 | ||
| 100 | 1 | |9 156953 |a Παπαδημητρίου, Μαρία Α., |d 1940- |e συγγραφέας. | |
| 245 | 1 | 3 | |a Το μαχαίρι / |b Μαρία Παπαδημητρίου. |
| 260 | |a Αθήνα : |b Κέδρος, |c 1978. | ||
| 300 | |a 81 σ. ; |c 21 εκ. | ||
| 655 | 0 | |a Νουβέλες | |
| 942 | |2 ddc |c BK15 | ||
| 998 | |c ΓΚΟΓΚΟΥ |d 2016-09 | ||